000
00332nam a2200133Ia 4500
001
4576
008
241024s9999 xx 000 0 und d
082
_a
RD/333.7/F981m/2015-2016
100
_a
Fundación Sur Futuro
245
0
_a
Memoria 2015-2016
260
_b
Santo Domingo
_c
2016
901
_a
2/1/2017 11:28:20 a.m.
999
_c
9701
_d
9701